000
00332nam a22001457a 4500
020
_a
978-93-81262-90-0
082
_a
823
_b
ANU/M
100
_a
RAVISHANKAR, ANUSHKA
245
_a
MOIN AND THE MOSTER
260
_a
CHENNAI
_b
DUCKBILL BOOKS
_c
2012
300
_a
110
520
_a
ENGLISH STORY
650
_a
ENGLISH STORY
942
_c
BK
999
_c
5644
_d
5644